|
|
|
|
| LEADER |
00000nam0a2200000 4500 |
| 001 |
70919 |
| 005 |
20231031082141.0 |
| 035 |
|
|
|a (RuTPU)RU\TPU\book\75491
|
| 090 |
|
|
|a 70919
|
| 100 |
|
|
|a 20041203d1955 km y0rusy50 ca
|
| 101 |
0 |
|
|a rus
|
| 102 |
|
|
|a RU
|
| 105 |
|
|
|a a z 001zy
|
| 200 |
1 |
|
|a Происхождение нефти
|f А. А. Бакиров [и др.]
|
| 210 |
|
|
|a Москва
|c Гостоптехиздат
|d 1955
|
| 215 |
|
|
|a 485 с.
|c ил.
|
| 320 |
|
|
|a Библиогр.: с. 459-482.
|
| 610 |
1 |
|
|a нефть
|
| 610 |
1 |
|
|a происхождение
|
| 610 |
1 |
|
|a этапы развития
|
| 610 |
1 |
|
|a гипотезы
|
| 610 |
1 |
|
|a фации
|
| 610 |
1 |
|
|a современное состояние
|
| 610 |
1 |
|
|a задачи
|
| 675 |
|
|
|a 552.578.2.061.3
|v 3
|
| 701 |
|
1 |
|a Бакиров
|b А. А.
|
| 701 |
|
1 |
|a Вассоевич
|b Н. Б.
|
| 701 |
|
1 |
|a Вебер
|b В. В.
|
| 701 |
|
1 |
|a Двали
|b М. Ф.
|
| 701 |
|
1 |
|a Добрянский
|b А. Ф.
|
| 702 |
|
1 |
|a Мирчинк
|b М. Ф.
|4 340
|
| 702 |
|
1 |
|a Бакиров
|b А. А.
|4 340
|
| 702 |
|
1 |
|a Дьяков
|b Б. Ф.
|4 340
|
| 702 |
|
1 |
|a Жабрев
|b Д. В.
|4 340
|
| 801 |
|
1 |
|a RU
|b 63413507
|c 20041203
|g PSBO
|
| 801 |
|
2 |
|a RU
|b 63413507
|c 20190118
|g PSBO
|
| 942 |
|
|
|c BK
|